[Event "ROM-chT2"]
[Site "Gilau"]
[Date "2018.10.10"]
[Round "4.2"]
[White "Nedelea, Ariton Vasile"]
[Black "Zubcu, Vlad George"]
[Result "1/2-1/2"]
[WhiteElo "2172"]
[BlackElo "2248"]
[PlyCount "123"]
[EventDate "2018.10.07"]
[EventType "team-swiss"]
[EventRounds "9"]
[EventCountry "ROU"]
[SourceTitle "CBM 187 Extra"]
[Source "ChessBase"]
[SourceDate "2018.11.04"]
[SourceVersion "1"]
[SourceVersionDate "2018.11.04"]
[SourceQuality "1"]
[WhiteTeam "Bistrita"]
[BlackTeam "Arad"]
[WhiteTeamCountry "ROU"]
[BlackTeamCountry "ROU"]

1. e4 e5 2. Nf3 Nc6 3. Bb5 a6 4. Ba4 Nf6 5. 0-0 b5 6. Bb3 Be7 7. d3 0-0 8. c3 d5 9. Nbd2 Bg4 10. Qe2 d4 11. h3 dxc3 12. bxc3 Bc8 13. Rd1 a5 14. Nf1 a4 15. Bc2 b4 16. d4 bxc3 17. dxe5 Nd7 18. Qc4 Ndxe5 19. Nxe5 Nxe5 20. Qxc3 Bd6 21. f4 Nd7 22. e5 Bc5+ 23. Be3 Qe7 24. Rd5 Bxe3+ 25. Nxe3 Nb6 26. Rc5 Qh4 27. Rf1 Be6 28. Rxc7 Rac8 29. a3 Bxh3 30. Bf5 Nd5 31. Nxd5 Bxf5 32. Rxc8 Bxc8 33. Qb4 g6 34. Qxa4 Kg7 35. Qd4 Be6 36. Nc7 Rd8 37. Nxe6+ fxe6 38. Qb6 Qe7 39. a4 Rc8 40. a5 Qc5+ 41. Qxc5 Rxc5 42. Ra1 Rc7 43. Kf2 g5 44. a6 Ra7 45. Kf3 Kg6 46. fxg5 Kxg5 47. Ke4 h5 48. Ra2 h4 49. Ra3 Kg4 50. Kd4 Kf4 51. Kc5 Kxe5 52. Re3+ Kf5 53. Kb6 Ra8 54. a7 Rg8 55. Rf3+ Kg4 56. Rf6 Kg3 57. Rg6+ Rxg6 58. a8Q Kh2 59. Qe4 Rxg2 60. Qxh4+ Kg1 61. Qe1+ Kh2 62. Qxe6 1/2-1/2